LEADER 00892nam a2200205 4500 001 000000341107 003 CaOOAMICUS 005 20200714161951.0 008 200714s1876 it 000 u ita r 040 $aSeMil$bita 100 11$aOmboni, Giovanni,$d<1829-1910>.$0(OLS)http://semarc/name/89808 245 00$aCome s'è fatta l'Italia :$bsaggio di geologia popolare /$cdel professore Giovanni Omboni. 264 1$aVerona ; Padova :$bDrucker & Tedeschi,$c1876. 300 $aXI, 346 p. ;$c18 cm 650 4$aItalia - Geologia.$0(OLS)http://semarc/subject/49341 850 $aSeMil 852 $aSeMil$W1$xVenegono$y1$m3XG I 19 FA$j219868$B232102$CSeMilBibl$Z2$F232102 $8I 996 $6245$aCome s'è fatta l'Italia :$bsaggio di geologia popolare$9(OLS)http://semarc/title/430164 996 $6264$aVerona ; Padova :$bDrucker & Tedeschi$9(OLS)http://semarc/publisher/57517 LEADER 01074nam a2200265 i 4500 001 000000245021 003 CaOOAMICUS 005 20150914000000.0 008 150914s1953 it u000 u ita u 013 $a223926 040 $aSeMil$bita 100 1 $aGrabar, André,$d<1896-1990>.$0(OLS)http://semarc/name/17658 245 13$aLa peinture byzantine /$cétude historique et critique par André Grabar. 260 $aGenève :$bSkira,$ccopyr. 1953. 300 $a200 p. :$bill. ;$c29 cm. 490 0 $aLes grands siècles de la peinture 500 $aContiene : Bibliographie. - Fondo card. Giovanni Colombo. 650 4$aArte bizantina.$0(OLS)http://semarc/subject/453 830 4$aLes grands siècles de la peinture.$0(OLS)http://semarc/title/21872 850 $aSeMil 852 $aSeMil$W1$xVenegono$y1$m3GC VIII 134$j195367$B195367$CSeMilBibl$Z2$F206049 $8B 941 1 $a3 961 $aLascito: Colombo Card. Giovanni 996 $6245$aLa peinture byzantine$9(OLS)http://semarc/title/346815 996 $6260$aGenève :$bSkira$9(OLS)http://semarc/publisher/34433